000
002930000a22001450004500
003
MACL
040
_a
MACL
090
_c
2742
_d
2742
100
_a
Baird, Robert D.
245
_a
Religion In Modern India
260
_b
Manohar
_c
1995
350
_a
750
650
_a
Religion
942
_c
BOOK
_k
200
999
_c
2723
_d
2723